|
|
|
|
| LEADER |
00000cam a22000004a 4500 |
| 001 |
musev2_6882 |
| 003 |
MdBmJHUP |
| 005 |
20230905040810.0 |
| 006 |
m o d |
| 007 |
cr||||||||nn|n |
| 008 |
050801s2006 alu o 00 0 eng d |
| 010 |
|
|
|z 2005022265
|
| 020 |
|
|
|a 9780817382803
|
| 020 |
|
|
|z 9780817359928
|
| 020 |
|
|
|z 9780817315023
|
| 035 |
|
|
|a (OCoLC)647817489
|
| 040 |
|
|
|a MdBmJHUP
|c MdBmJHUP
|
| 050 |
0 |
4 |
|a PS374.V58
|b G548 2006
|
| 082 |
0 |
|
|a 813/.54093552
|2 22
|
| 100 |
1 |
|
|a Giles, James Richard,
|d 1937-
|
| 245 |
1 |
4 |
|a The Spaces of Violence /
|c James R. Giles.
|
| 264 |
|
1 |
|a Tuscaloosa :
|b University of Alabama Press,
|c 2006.
|
| 264 |
|
3 |
|a Baltimore, Md. :
|b Project MUSE,
|c 2012
|
| 264 |
|
4 |
|c ©2006.
|
| 300 |
|
|
|a 1 online resource (229 pages).
|
| 336 |
|
|
|a text
|b txt
|2 rdacontent
|
| 337 |
|
|
|a computer
|b c
|2 rdamedia
|
| 338 |
|
|
|a online resource
|b cr
|2 rdacarrier
|
| 504 |
|
|
|a Includes bibliographical references (p. [199]-202) and index.
|
| 505 |
0 |
|
|a Violence and space -- Discovering fourthspace in Appalachia : Cormac McCarthy's Outer Dark and Child of God -- Russell Banks's Affliction : "all those solitary dumb angry men" -- Of vultures, eyeballs, and parrots : Lewis Nordan's Wolf Whistle -- The myth of the Boatright Men : Dorothy Allison's Bastard out of Carolina -- Playing for death : Don Delillo's End Zone -- Drifting through Urantia : greyhound space in Denis Johnson's Angels -- The return of John Smith : Sherman Alexie's Indian Killer -- "The Battle of Bob Hope" and "The Great Elephant Zap" : Robert Stone's Dog Soldiers -- "I hope you didn't go into raw space without me": Bret Easton Ellis's American Psycho -- Violence and family structures.
|
| 588 |
|
|
|a Description based on print version record.
|
| 650 |
|
0 |
|a Personal space in literature.
|
| 650 |
|
0 |
|a Space and time in literature.
|
| 650 |
|
0 |
|a Space (Architecture) in literature.
|
| 650 |
|
0 |
|a Violence in literature.
|
| 650 |
|
0 |
|a American fiction
|y 20th century
|x History and criticism.
|
| 655 |
|
7 |
|a Electronic books.
|2 local
|
| 710 |
2 |
|
|a Project Muse.
|e distributor
|
| 830 |
|
0 |
|a Book collections on Project MUSE.
|
| 856 |
4 |
0 |
|z Texto completo
|u https://projectmuse.uam.elogim.com/book/6882/
|
| 945 |
|
|
|a Project MUSE - Custom Collection
|
| 945 |
|
|
|a Project MUSE - Archive Complete Foundation
|
| 945 |
|
|
|a Project MUSE - Archive Literature Foundation
|